| 000 | 00925nam a2200289 i 4500 | ||
|---|---|---|---|
| 003 | EG-GICUC | ||
| 005 | 20260415110240.0 | ||
| 008 | 260415s1969 nyu||||fr|||| 00| 0 fre d | ||
| 040 |
_aEG-GiCUC _bfre _cEG-GiCUC _dEG-GiCUC _eRda |
||
| 041 | _afre | ||
| 082 | 0 | 4 |
_221 _a341.76 _bNA.É |
| 092 | 0 | 4 | _221 |
| 099 | _aLaw1 11 341.76 NA.É 1969 | ||
| 110 | 1 | _kNations Unies | |
| 245 |
_aÉtude De Certains Problèmes Que Pose Le Développement Dans Divers Pays Du Moyen-Orient (1969) / _cNations Unies . |
||
| 264 |
_aNew York : _bNations Unies , _c1969. |
||
| 300 |
_a106 page ; _c 24 cm. |
||
| 336 |
_2rda contenu _a texte |
||
| 337 |
_2rda medias _aOrdinateur |
||
| 338 |
_2 transporteur rda _a Ressource en ligne |
||
| 546 | _aTexte en français | ||
| 650 | 1 | _aDroit international | |
| 651 | 1 | _2qrmak | |
| 856 | 4 | 0 | _uhttps://fll.law.cu.edu.eg/fulltext/bks/B11-07834.pdf |
| 905 | _a60 | ||
| 942 |
_2ddc _cBK _e21 _n0 |
||
| 999 |
_c71024 _d71024 |
||